[Event "ICS rated standard match"]
[Site "204.178.125.65"]
[Date "2000.04.20"]
[Round "?"]
[White "Hossa"]
[Black "Tim"]
[Result "0-1"]
[WhiteElo "2311"]
[BlackElo "2538"]
[PlyCount "66"]
[EventDate "2000.??.??"]

1. e4 d5 2. exd5 Nf6 3. d4 Bg4 4. Bb5+ Nbd7 5. f3 Bf5 6. c4 e6 7. dxe6 Bxe6 8.
c5 c6 9. Ba4 Nd5 10. Ne2 Qh4+ 11. g3 Qh3 12. Kf2 Nxc5 13. Ng1 Qh5 14. dxc5
O-O-O 15. Qf1 Bxc5+ 16. Kg2 Bd4 17. Qe1 Rhe8 18. a3 Bxg1 19. Kxg1 Bh3 20. Qf2
Qe5 21. Bg5 Qxg5 22. Nd2 Nb6 23. f4 Qh5 24. Bxc6 Re2 25. Bf3 Rxf2 26. Bxh5
Rdxd2 27. Bg4+ Bxg4 28. Rc1+ Kd7 29. h3 Bf3 30. h4 Rg2+ 31. Kf1 Nd5 32. g4 Ne3+
33. Ke1 Rde2# {Hossa checkmated} 0-1

[Event "ICS rated blitz match"]
[Site "204.178.125.65"]
[Date "2000.04.20"]
[Round "?"]
[White "Bankieren"]
[Black "Hossa"]
[Result "1-0"]
[WhiteElo "2393"]
[BlackElo "2455"]
[PlyCount "127"]
[EventDate "2000.??.??"]

1. d4 d5 2. Nf3 Nf6 3. Bf4 Bf5 4. e3 e6 5. c4 Bxb1 6. Qxb1 Bb4+ 7. Kd1 Nbd7 8.
a3 Ne4 9. Qc2 Bd6 10. Bxd6 cxd6 11. Bd3 f5 12. cxd5 Rc8 13. Qe2 exd5 14. Rc1
O-O 15. Rxc8 Qxc8 16. Ne1 g6 17. Nc2 Qc7 18. f3 Nef6 19. Ke1 Nb6 20. Kf2 Ne4+
21. Kg1 Ng5 22. h4 Ne4 23. Qe1 Nf6 24. Qa5 f4 25. Qd2 fxe3 26. Nxe3 Nh5 27. b3
Qg7 28. Nc2 Nf4 29. g3 Ne6 30. Qe3 Nc7 31. Kg2 Re8 32. Qd2 Ne6 33. Re1 Qf6 34.
a4 Rf8 35. a5 Na8 36. Qf2 Qf7 37. b4 Nac7 38. b5 b6 39. a6 Ne8 40. Nb4 Nd8 41.
Nc6 Nxc6 42. bxc6 Nf6 43. Qc2 Qc7 44. Rc1 Re8 45. Qd2 Rf8 46. Qg5 Qf7 47. c7
Rc8 48. g4 Kg7 49. h5 Qe7 50. Rh1 Ng8 51. hxg6 h6 52. Rxh6 Rxc7 53. Rh7+ Kf8
54. Qf5+ Qf6 55. Rxc7 Qxf5 56. Bxf5 Nh6 57. Rxa7 b5 58. Rb7 Ng8 59. a7 Ne7 60.
a8=Q+ Kg7 61. Rxe7+ Kf6 62. Qd8 Kg5 63. Kg3 b4 64. Rh7# {Hossa checkmated} 1-0

[Event "ICS rated standard match"]
[Site "204.178.125.65"]
[Date "2000.04.20"]
[Round "?"]
[White "Tinker"]
[Black "Hossa"]
[Result "0-1"]
[WhiteElo "2242"]
[BlackElo "2304"]
[PlyCount "150"]
[EventDate "2000.??.??"]

1. e4 e5 2. Nf3 Nc6 3. Bc4 Bc5 4. d3 Nf6 5. c3 d6 6. Ng5 O-O 7. b4 Bb6 8. Nxf7
Rxf7 9. Bxf7+ Kxf7 10. Qb3+ Be6 11. Qc2 a5 12. bxa5 Rxa5 13. O-O Qa8 14. a3 Qa7
15. Bg5 Bc5 16. Bxf6 gxf6 17. Qe2 Qa8 18. Qh5+ Kg7 19. Rd1 Qf8 20. Rd2 f5 21.
Rb2 fxe4 22. dxe4 Qf4 23. Qd1 b5 24. Qe1 Kg8 25. Kh1 Bc4 26. Rd2 Ra8 27. Rb2
Na5 28. Nd2 Bxf2 29. Qd1 Rf8 30. a4 Be6 31. Rxb5 Nc4 32. Nxc4 Bxc4 33. Rb4 Qxe4
34. a5 Bc5 35. Rb2 Rf1+ 36. Qxf1 Bxf1 37. Rxf1 Qd3 38. Rb8+ Kg7 39. Rbf8 Be3
40. R1f7+ Kh6 41. Rf5 Bg5 42. Rf3 Qb5 43. g3 Qxa5 44. h4 Be7 45. R8f7 Bd8 46.
Rd7 Qd5 47. Kg2 Qa8 48. c4 Kg6 49. Kf2 h5 50. Rf8 Qa7+ 51. Kf1 Bf6 52. Rg8+ Kf5
53. Rh7 Qa1+ 54. Kg2 Qd1 55. Rxc7 d5 56. c5 e4 57. Rf7 Qf3+ 58. Kh2 Qf2+ 59.
Kh1 Ke6 60. Ra7 Qxc5 61. Ra2 Qc4 62. Rga8 Bb2 63. R2a6+ Ke5 64. Re8+ Kd4 65.
Rf6 Ke3 66. Rff8 Qc1+ 67. Kg2 Qd2+ 68. Kh3 Qd1 69. Kg2 Qe2+ 70. Kh3 Ba3 71. Rf6
Bb4 72. Rb8 Qe1 73. Kh2 d4 74. Re8 Qe2+ 75. Kh1 Qg4 {Tinker resigns} 0-1

[Event "ICS rated standard match"]
[Site "204.178.125.65"]
[Date "2000.04.20"]
[Round "?"]
[White "Hossa"]
[Black "EliasMiana"]
[Result "1/2-1/2"]
[WhiteElo "2317"]
[BlackElo "2294"]
[PlyCount "77"]
[EventDate "2000.??.??"]

1. e4 e6 2. d4 d5 3. Nc3 Nf6 4. e5 Nfd7 5. f4 c5 6. Nf3 Nc6 7. Be3 Qb6 8. Na4
Qa5+ 9. c3 b5 10. Nxc5 Nxc5 11. dxc5 b4 12. Nd4 Qxc5 13. Bb5 Bd7 14. Kf2 Nxd4
15. Bxd7+ Kxd7 16. cxd4 Qb5 17. Rf1 Be7 18. Kg1 f5 19. Rc1 g6 20. g3 Rhc8 21.
Rf2 Rxc1 22. Qxc1 Rc8 23. Qd1 a5 24. Rf1 a4 25. b3 a3 26. Qd2 Rc3 27. Rb1 Qd3
28. Qxd3 Rxd3 29. Kf2 Rc3 30. Rc1 Rxc1 31. Bxc1 h5 32. h4 Kc7 33. Ke2 Kc6 34.
Be3 Kb5 35. Bg1 Kc6 36. Be3 Kb5 37. Bg1 Kc6 38. Be3 Kb5 39. Bg1 1/2-1/2

[Event "ICS rated blitz match"]
[Site "204.178.125.65"]
[Date "2000.04.21"]
[Round "?"]
[White "Hossa"]
[Black "Tinker"]
[Result "1-0"]
[WhiteElo "2436"]
[BlackElo "2464"]
[PlyCount "115"]
[EventDate "2000.??.??"]

1. e4 e5 2. Nf3 Nc6 3. Nc3 Nf6 4. Nxe5 Nxe5 5. d4 Ng6 6. e5 Ng8 7. Bc4 Bb4 8.
Qf3 Qe7 9. O-O Bxc3 10. bxc3 Nh4 11. Qg3 Nf5 12. Qg4 d6 13. exd6 Qxd6 14. Bf4
Qb6 15. Rab1 Qa5 16. Qh5 g6 17. Qe2+ Nge7 18. g4 Ng7 19. Bh6 Ne6 20. d5 Nxd5
21. Qe5 Qxc3 22. Qxd5 Qh3 23. Bb5+ Ke7 24. g5 c6 25. Qe5 Qg4+ 26. Kh1 Qf3+ 27.
Kg1 Rg8 28. Bd3 Qg4+ 29. Kh1 Qf3+ 30. Kg1 Qd5 31. Qf6+ Ke8 32. Rfd1 Qc5 33. Re1
Qe7 34. Qe5 a5 35. Bc4 b5 36. Bd3 a4 37. Bf1 Bd7 38. Bg2 Rc8 39. Re2 b4 40.
Rbe1 b3 41. cxb3 axb3 42. axb3 Qb4 43. Qb2 Qg4 44. Qd2 c5 45. Re4 Qh5 46. R1e3
c4 47. Bf3 Qh3 48. Bg4 Qxe3 49. Qxe3 Rc6 50. Bxe6 fxe6 51. Rxc4 Rd6 52. b4 Rd1+
53. Kg2 Rd5 54. Qa3 Kf7 55. Rf4+ Rf5 56. Rxf5+ exf5 57. Qa1 Bc6+ 58. f3 {
Tinker resigns} 1-0

[Event "ICS rated blitz match"]
[Site "204.178.125.65"]
[Date "2000.04.21"]
[Round "?"]
[White "PostModernist"]
[Black "Hossa"]
[Result "1-0"]
[WhiteElo "2660"]
[BlackElo "2453"]
[PlyCount "95"]
[EventDate "2000.??.??"]

1. d4 d5 2. Nf3 Nf6 3. e3 e6 4. Bd3 c5 5. c3 Be7 6. O-O O-O 7. Bd2 Nc6 8. Qe2
Bd7 9. dxc5 Bxc5 10. c4 dxc4 11. Bxc4 e5 12. Bc3 Bg4 13. h3 Bxf3 14. Qxf3 Rc8
15. Rd1 Qe7 16. a3 a6 17. Nd2 b5 18. Bb3 Bb6 19. Ne4 Nxe4 20. Qxe4 Ba5 21. Rac1
Bxc3 22. Rxc3 Nb8 23. Rxc8 Rxc8 24. f4 a5 25. fxe5 Rf8 26. e6 Kh8 27. Rd5 fxe6
28. Rxb5 Qc7 29. Bxe6 Qg3 30. Bf5 Qe1+ 31. Kh2 Qc1 32. Qe7 Rg8 33. Bxh7 Nd7 34.
Qxd7 Qxe3 35. Qf7 Rd8 36. Rh5 Qe2 37. Be4+ Qxh5 38. Qxh5+ Kg8 39. Bf5 Kf8 40.
Qh8+ Kf7 41. Qxd8 g6 42. Qd7+ Kf6 43. Qe6+ Kg7 44. Qxg6+ Kf8 45. Qf6+ Ke8 46.
Be6 a4 47. Qf7+ Kd8 48. Qd7# {Hossa checkmated} 1-0

[Event "ICS rated blitz match"]
[Site "204.178.125.65"]
[Date "2000.04.21"]
[Round "?"]
[White "Hossa"]
[Black "PostModernist"]
[Result "0-1"]
[WhiteElo "2446"]
[BlackElo "2667"]
[PlyCount "140"]
[EventDate "2000.??.??"]

1. e4 c6 2. d4 d5 3. Nc3 g6 4. Nf3 Nh6 5. exd5 cxd5 6. Bf4 Bg7 7. Bb5+ Nc6 8.
Ne5 Bd7 9. Nxd5 Nxe5 10. Bxe5 Bxb5 11. Nc7+ Kf8 12. Bxg7+ Kxg7 13. Nxb5 Qd5 14.
Qe2 Qxg2 15. O-O-O Qg5+ 16. Kb1 Rhd8 17. h4 Qf6 18. h5 a6 19. Nc3 Rxd4 20. Rxd4
Qxd4 21. hxg6 hxg6 22. Qxe7 b5 23. Rd1 Qxf2 24. Ne4 Qf4 25. Nc5 Qf5 26. Re1 Rc8
27. Ne4 Ng4 28. Nc3 Qf2 29. Rh1 Rh8 30. Rd1 Rh2 31. Rc1 Qd4 32. Rd1 Qf4 33. Re1
Qd2 34. Rc1 Qe3 35. Qd7 Qf4 36. Qc6 Qf6 37. Qc8 Ne3 38. Qc7 Rh4 39. Re1 Qf5 40.
Rc1 Nxc2 41. Qd8 Rh1 42. Qd2 Nb4+ 43. Ka1 Qd3 44. Rxh1 Qxd2 45. a3 Nd3 46. Rb1
Nxb2 47. Ne4 Qd3 48. Kxb2 Qxe4 49. Rc1 b4 50. axb4 Qxb4+ 51. Kc2 Kf6 52. Rd1
Qa4+ 53. Kd2 Ke5 54. Ke2 Qxd1+ 55. Kxd1 f5 56. Ke2 Ke4 57. Kd2 f4 58. Ke1 a5
59. Kf1 a4 60. Ke2 a3 61. Kd2 a2 62. Kc3 a1=Q+ 63. Kc4 Qa4+ 64. Kc5 Qa6 65. Kb4
Qb6+ 66. Kc3 Qd4+ 67. Kc2 Qb4 68. Kd1 Qb2 69. Ke1 Ke3 70. Kf1 Qf2# {
Hossa checkmated} 0-1

[Event "ICS rated standard match"]
[Site "204.178.125.65"]
[Date "2000.04.21"]
[Round "?"]
[White "Hossa"]
[Black "AnatKarp"]
[Result "1-0"]
[WhiteElo "2317"]
[BlackElo "2317"]
[PlyCount "47"]
[EventDate "2000.??.??"]

1. e4 e5 2. Nf3 Nc6 3. Nc3 Nf6 4. Nxe5 Nxe5 5. d4 Nc6 6. d5 Ne5 7. f4 Ng6 8. e5
Ng8 9. d6 cxd6 10. exd6 Qf6 11. Nb5 Rb8 12. Be3 b6 13. Qe2 Kd8 14. O-O-O Ba6
15. Re1 Bxb5 16. Bxb6+ Kc8 17. Qxb5 Qxf4+ 18. Kb1 Qxf1 19. Qc5+ Kb7 20. Qc7+
Ka6 21. Qxa7+ Kb5 22. a4+ Kb4 23. Qa5+ Kc4 24. Qc5# {AnatKarp checkmated} 1-0

[Event "ICS rated blitz match"]
[Site "204.178.125.65"]
[Date "2000.04.21"]
[Round "?"]
[White "Hossa"]
[Black "Haffner"]
[Result "1-0"]
[WhiteElo "2439"]
[BlackElo "2065"]
[PlyCount "77"]
[EventDate "2000.??.??"]

1. e4 d5 2. exd5 Nf6 3. d4 Nxd5 4. Nf3 Bg4 5. Bb5+ c6 6. Be2 e6 7. O-O Bd6 8.
c4 Nf6 9. h3 Bh5 10. Bg5 O-O 11. Nc3 Nbd7 12. Ne5 Bxe2 13. Qxe2 Be7 14. Rfe1 h6
15. Bh4 Re8 16. Rad1 Nh7 17. Bxe7 Qxe7 18. Nxd7 Qxd7 19. Ne4 Qe7 20. Qh5 Rad8
21. Rd2 Nf6 22. Qe5 Nxe4 23. Rxe4 Qb4 24. Rg4 Qf8 25. Rd3 Rd7 26. Rxg7+ Qxg7
27. Rg3 Qxg3 28. Qxg3+ Kh7 29. Qf3 Red8 30. Qf6 Rg8 31. a4 Rg6 32. Qe5 Rg8 33.
b4 Rg5 34. Qe4+ Kh8 35. a5 a6 36. f4 Rg8 37. f5 exf5 38. Qe5+ Rg7 39. Qe8+ {
Haffner resigns} 1-0

[Event "ICS rated blitz match"]
[Site "204.178.125.65"]
[Date "2000.04.21"]
[Round "?"]
[White "Tinker"]
[Black "Hossa"]
[Result "0-1"]
[WhiteElo "2455"]
[BlackElo "2442"]
[PlyCount "42"]
[EventDate "2000.??.??"]

1. e4 e5 2. Nf3 Nc6 3. Bc4 Bc5 4. d3 Nf6 5. Ng5 O-O 6. Nd2 Bb6 7. O-O d6 8. Qe2
Bg4 9. Ndf3 h6 10. Nxf7 Rxf7 11. Bxf7+ Kxf7 12. c3 Kg8 13. Rd1 Qd7 14. Bd2 Bxf3
15. gxf3 Qh3 16. Rf1 Rf8 17. Rad1 Nh5 18. d4 Rxf3 19. Kh1 exd4 20. Qc4+ Rf7 21.
b4 Ne5 {Tinker resigns} 0-1

[Event "ICS rated blitz match"]
[Site "204.178.125.65"]
[Date "2000.04.21"]
[Round "?"]
[White "Hossa"]
[Black "Tinker"]
[Result "1-0"]
[WhiteElo "2459"]
[BlackElo "2438"]
[PlyCount "121"]
[EventDate "2000.??.??"]

1. e4 e5 2. Nf3 Nc6 3. Nc3 Nf6 4. Nxe5 Nxe5 5. d4 Ng6 6. e5 Ng8 7. Bc4 Bb4 8.
Qf3 Qe7 9. O-O Bxc3 10. bxc3 Qf8 11. Bd5 c6 12. Be4 d5 13. exd6 Qxd6 14. Re1
Be6 15. a4 N6e7 16. Bf4 Qd7 17. Qg3 g6 18. Qf3 f6 19. Qe3 g5 20. Bg3 Kf7 21.
Qe2 h5 22. h4 gxh4 23. Bxh4 Nf5 24. Bxf5 Bxf5 25. Rab1 Kg7 26. a5 Rc8 27. c4
Rh6 28. Bg3 h4 29. Bf4 Rg6 30. Qd2 h3 31. g3 Bg4 32. Re3 Ne7 33. Reb3 b5 34.
axb6 axb6 35. Rxb6 Rh8 36. Kh2 Re8 37. Rb7 Qd8 38. Bc7 Qc8 39. Bd6 Qd8 40. Bc7
Qd7 41. Bf4 Qd8 42. Bc7 Qa8 43. Bd6 Kf7 44. Qb4 Qd8 45. Re1 Be6 46. Bxe7 Rxe7
47. Rxe7+ Qxe7 48. Qxe7+ Kxe7 49. d5 f5 50. f4 Kd7 51. dxe6+ Rxe6 52. Rxe6 Kxe6
53. c5 Kd5 54. Kxh3 Kxc5 55. g4 fxg4+ 56. Kxg4 Kd6 57. Kh5 c5 58. f5 Ke5 59.
Kg6 c4 60. f6 Kd4 61. f7 {Tinker resigns} 1-0

[Event "ICS Rated blitz match"]
[Site "204.178.125.65"]
[Date "2000.04.21"]
[Round "?"]
[White "JAMadMax"]
[Black "Hossa"]
[Result "1-0"]
[WhiteElo "2282"]
[BlackElo "2474"]
[PlyCount "159"]
[EventDate "2000.??.??"]

1. e4 e5 2. Nf3 Nc6 3. Bb5 a6 4. Ba4 Nf6 5. O-O Be7 6. Re1 b5 7. Bb3 d6 8. c3
O-O 9. h3 Bb7 10. d4 Re8 11. d5 Na5 12. Bc2 c6 13. dxc6 Nxc6 14. a4 b4 15. c4
Qc7 16. b3 Nd8 17. Bg5 Ne6 18. Bxf6 Bxf6 19. Nbd2 Rac8 20. Nf1 Nd4 21. Nxd4
exd4 22. Bd3 Rcd8 23. Ng3 Be5 24. Nf5 Bc8 25. Qg4 Be6 26. f4 Bf6 27. Rad1 Qc5
28. Qh5 Rd7 29. Ng3 Qxh5 30. Nxh5 Be7 31. f5 g6 32. fxe6 fxe6 33. Nf4 Bg5 34.
g3 e5 35. Nd5 a5 36. h4 Bd8 37. c5 Rf8 38. c6 Rdf7 39. Rf1 h6 40. Rc1 Rf3 41.
Rxf3 Rxf3 42. Bc4 Kg7 43. Kg2 Rf7 44. Bd3 Rc7 45. Nxc7 Bxc7 46. Rf1 d5 47. exd5
h5 48. Kf3 Kf6 49. Ke4+ Ke7 50. Rc1 Kd6 51. Rf1 Ke7 52. Rf2 Bd6 53. Bc4 Bb8 54.
Rf1 Bd6 55. Rf3 Bb8 56. d6+ Kxd6 57. Bd5 Bc7 58. Rf6+ Kc5 59. Rxg6 d3 60. Kxd3
Kxd5 61. Rh6 e4+ 62. Ke3 Bxg3 63. Rxh5+ Kxc6 64. Rh6+ Kd5 65. Rh5+ Kc6 66. Kxe4
Bf2 67. Rh6+ Kb7 68. h5 Be1 69. Rg6 Bd2 70. h6 Bxh6 71. Rxh6 Kc7 72. Kd5 Kd7
73. Rh7+ Ke8 74. Kd6 Kf8 75. Ke6 Kg8 76. Rc7 Kf8 77. Ra7 Kg8 78. Kf6 Kh8 79.
Kg6 Kg8 80. Ra8# {Hossa checkmated} 1-0

[Event "ICS rated standard match"]
[Site "204.178.125.65"]
[Date "2000.04.21"]
[Round "?"]
[White "EliasMiana"]
[Black "Hossa"]
[Result "0-1"]
[WhiteElo "2304"]
[BlackElo "2333"]
[PlyCount "42"]
[EventDate "2000.??.??"]

1. d4 d5 2. c4 e6 3. Nc3 Nf6 4. Bg5 Be7 5. e3 O-O 6. cxd5 exd5 7. Qc2 Nc6 8. a3
Re8 9. Bb5 Nd7 10. Bxe7 Nxe7 11. Bd3 Nf6 12. Nf3 g6 13. O-O Bf5 14. Ne5 Bxd3
15. Qxd3 Nf5 16. Rae1 c5 17. Nf3 c4 18. Qc2 Ne4 19. Nxe4 Rxe4 20. Nd2 Re8 21.
Re2 Nxd4 {EliasMiana resigns} 0-1

[Event "ICS rated blitz match"]
[Site "204.178.125.65"]
[Date "2000.04.21"]
[Round "?"]
[White "Tinker"]
[Black "Hossa"]
[Result "0-1"]
[WhiteElo "2435"]
[BlackElo "2452"]
[PlyCount "132"]
[EventDate "2000.??.??"]

1. e4 d5 2. exd5 Nf6 3. c4 c6 4. dxc6 Nxc6 5. d3 e5 6. Nc3 Bb4 7. Bg5 O-O 8. a3
Be7 9. Rb1 h6 10. Bxf6 Bxf6 11. Nf3 Bd7 12. Be2 Be6 13. Ne4 Be7 14. O-O f5 15.
Nc3 Qd7 16. b4 Bf6 17. Na4 b6 18. b5 Nd4 19. Nxd4 Qxd4 20. Bh5 Rad8 21. Nb2 Be7
22. Qa4 Rd7 23. Rfe1 Qc3 24. Bg6 Rf6 25. Be8 Rd8 26. Bh5 Bxa3 27. Rec1 Qa5 28.
Qxa5 bxa5 29. Rc3 Bb4 30. Rb3 g6 31. Bf3 Bf7 32. Be2 a6 33. bxa6 Rxa6 34. Na4
Kg7 35. Nc3 Kf6 36. Na2 Bc5 37. Rb5 Bd4 38. Nc1 a4 39. Na2 a3 40. Rb7 g5 41.
Rc7 h5 42. Rbb7 Be8 43. Rh7 Bg6 44. Rhc7 g4 45. c5 h4 46. Kf1 Kg5 47. c6 Rd6
48. Rb3 Rf6 49. h3 gxh3 50. gxh3 Bf7 51. Rxf7 Rxf7 52. Rb7 Rxb7 53. cxb7 Rb6
54. Bf3 Rb2 55. Bd5 Rxf2+ 56. Ke1 Rb2 57. Kd1 Kf6 58. Kc1 Ke7 59. Bf3 Kd6 60.
Bh1 Be3+ 61. Kd1 Ba7 62. Nc1 Rf2 63. Ke1 a2 64. Nxa2 Rxa2 65. Kf1 Ra1+ 66. Kg2
Kd5 {Tinker resigns} 0-1

[Event "ICS rated blitz match"]
[Site "204.178.125.65"]
[Date "2000.04.21"]
[Round "?"]
[White "Hossa"]
[Black "scriabin"]
[Result "0-1"]
[WhiteElo "2467"]
[BlackElo "2150"]
[PlyCount "128"]
[EventDate "2000.??.??"]

1. e4 e6 2. d4 d5 3. Nc3 Bb4 4. e5 c5 5. a3 Bxc3+ 6. bxc3 Ne7 7. Qg4 Qc7 8.
Qxg7 Rg8 9. Qxh7 cxd4 10. Ne2 Nbc6 11. f4 Bd7 12. Qd3 dxc3 13. Qxc3 Nf5 14. Rb1
O-O-O 15. Rg1 d4 16. Qd3 f6 17. exf6 e5 18. g4 Nh4 19. g5 e4 20. Qxe4 Bf5 21.
Qh1 Bxc2 22. Bh3+ Kb8 23. Rb2 d3 24. Kf2 Rge8 25. Rxc2 dxc2 26. Bg4 Qa5 27. Re1
Qc5+ 28. Kg3 Nf5+ 29. Bxf5 Qxf5 30. a4 Rd3+ 31. Kf2 Qc5+ 32. Kf1 Rd1 33. f7
Red8 34. f8=Q Qxf8 35. Qe4 Qb4 36. Qxb4 Nxb4 37. Nc3 Rxe1+ 38. Kxe1 Rd3 39. Ne2
Rd1+ 40. Kf2 Nd3+ 41. Ke3 Nxc1 42. Nxc1 Rxc1 43. Kd2 Rf1 44. Kxc2 Rxf4 45. Kb3
Rg4 46. h4 Rxh4 47. g6 Rg4 48. g7 Rxg7 49. a5 Rg4 50. Kc2 Kc7 51. Kd2 Kc6 52.
Kc3 Kb5 53. a6 Kxa6 54. Kd2 Kb5 55. Ke2 Rg3 56. Kf2 Rc3 57. Ke2 a5 58. Kf2 a4
59. Ke1 a3 60. Kd2 Kc4 61. Ke2 a2 62. Kd2 a1=Q 63. Ke2 Qb2+ 64. Kd1 Rc1# {
Hossa checkmated} 0-1

[Event "ICS rated blitz match"]
[Site "204.178.125.65"]
[Date "2000.04.21"]
[Round "?"]
[White "MissSilicon"]
[Black "Hossa"]
[Result "0-1"]
[WhiteElo "2638"]
[BlackElo "2439"]
[PlyCount "202"]
[EventDate "2000.??.??"]

1. e4 e5 2. Bc4 Nf6 3. d3 c6 4. Qe2 Be7 5. Nf3 O-O 6. Bb3 d6 7. Nc3 Na6 8. a3
Nc5 9. Ba2 Bg4 10. h3 Be6 11. b3 d5 12. O-O d4 13. Nb1 Qc7 14. Bd2 Bd7 15. b4
Ne6 16. c3 Rfd8 17. cxd4 exd4 18. e5 Nd5 19. Qe4 Be8 20. Rc1 Qb6 21. Bc4 a6 22.
Ra2 Qa7 23. Rac2 Rab8 24. Ba2 Rd7 25. Nh4 g6 26. Qg4 Bf8 27. Nf3 Rdd8 28. Qe4
Bg7 29. Ng5 Ra8 30. Nxe6 fxe6 31. Rc4 Nc7 32. Bg5 Rd7 33. R4c2 Rf7 34. f4 Bd7
35. Rc5 Raf8 36. g3 b6 37. R5c4 h6 38. Bh4 g5 39. fxg5 h5 40. g6 Rf3 41. Rxd4
Nb5 42. Rdc4 Bh6 43. Re1 Be3+ 44. Rxe3 Rf1+ 45. Kh2 R8f2+ 46. Qg2 Rxg2+ 47.
Kxg2 Rf5 48. Bf6 Qb7 49. Rf4 Rxf4 50. gxf4 c5+ 51. Kg1 Nd4 52. Nd2 Qc8 53. f5
Nxf5 54. Rf3 Nd4 55. Rf2 cxb4 56. Bg5 Qc1+ 57. Rf1 Qb2 58. Bh6 Ne2+ 59. Kf2 Nf4
60. Bxf4 Qxa2 61. axb4 Bb5 62. Ke2 Qa3 63. Nc4 Bxc4 64. dxc4 Qxb4 65. Rc1 Kg7
66. Bd2 Qc5 67. Be3 Qxe5 68. Rg1 Qc3 69. c5 Qc2+ 70. Kf3 bxc5 71. Rg5 c4 72.
Bd4+ Kg8 73. Be3 c3 74. Rc5 Kg7 75. Bd4+ Kxg6 76. Rxc3 Qd2 77. Ke4 Qe2+ 78. Kf4
h4 79. Be5 a5 80. Bd4 a4 81. Rf3 Kh5 82. Rc3 Qf1+ 83. Rf3 Qc1+ 84. Ke5 Qc4 85.
Ke4 Qd5+ 86. Ke3 a3 87. Rf8 Qg5+ 88. Ke2 Qg2+ 89. Kd3 Qxh3+ 90. Kc4 Qh1 91. Rf7
Qe4 92. Kb3 Qxd4 93. Kxa3 h3 94. Rh7+ Kg4 95. Rxh3 Kxh3 96. Kb3 Kg4 97. Kc2 Qb4
98. Kd1 Qc4 99. Ke1 Qc2 100. Kf1 Kf3 101. Ke1 Qc1# 0-1

[Event "ICS rated blitz match"]
[Site "204.178.125.65"]
[Date "2000.04.21"]
[Round "?"]
[White "Hossa"]
[Black "MissSilicon"]
[Result "1-0"]
[WhiteElo "2463"]
[BlackElo "2614"]
[PlyCount "61"]
[EventDate "2000.??.??"]

1. e4 e5 2. Nf3 Nc6 3. Nc3 Nf6 4. Nxe5 Nxe5 5. d4 Nc6 6. d5 Ne5 7. f4 Ng6 8. e5
Ng8 9. d6 c6 10. g3 b5 11. Ne4 a6 12. Qd4 f6 13. exf6 gxf6 14. Bd2 Bg7 15. Qe3
f5 16. Nc5+ Kf8 17. O-O-O Nh6 18. Bh3 Ng4 19. Bxg4 fxg4 20. Rde1 h5 21. Ba5
Bxb2+ 22. Kxb2 Qxa5 23. f5 Qb4+ 24. Kc1 Kg7 25. fxg6 Rf8 26. Qe7+ Kxg6 27. Qxf8
Qa3+ 28. Kb1 Qb4+ 29. Nb3 Bb7 30. Re8 Qc4 31. Rxa8 {MissSilicon resigns} 1-0

[Event "ICS rated blitz match"]
[Site "204.178.125.65"]
[Date "2000.04.21"]
[Round "?"]
[White "obscuremaster"]
[Black "Hossa"]
[Result "0-1"]
[WhiteElo "2021"]
[BlackElo "2475"]
[PlyCount "83"]
[EventDate "2000.??.??"]

1. e4 d5 2. exd5 Nf6 3. d4 Bg4 4. f3 Bf5 5. c4 b5 6. Nc3 bxc4 7. Bxc4 c6 8.
dxc6 Nxc6 9. Bb5 Bd7 10. Nge2 e6 11. O-O Be7 12. Be3 a6 13. Bc4 O-O 14. d5 Ne5
15. Bb3 Qc7 16. dxe6 Bxe6 17. Bxe6 fxe6 18. Rc1 Rad8 19. Qb3 Qc4 20. Rfe1 Qxb3
21. axb3 Nd3 22. Nd4 Bc5 23. Nce2 e5 24. Nf5 Bxe3+ 25. Nxe3 e4 26. Nc4 exf3 27.
gxf3 Nd5 28. Rcd1 Nxe1 29. Rxe1 Rxf3 30. Nd4 Rf6 31. Re5 Nf4 32. Nf5 Rd1+ 33.
Kf2 Nd3+ 34. Ke2 Nxe5 35. Ne7+ Kf8 36. Nxe5 Rdd6 37. N7c6 Rxc6 38. Nxc6 Rxc6
39. Kd3 Rh6 40. b4 Rxh2 41. b3 Rh4 42. b5 0-1

[Event "ICS rated blitz match"]
[Site "204.178.125.65"]
[Date "2000.04.21"]
[Round "?"]
[White "Hossa"]
[Black "ColonialPast"]
[Result "1-0"]
[WhiteElo "2477"]
[BlackElo "2084"]
[PlyCount "35"]
[EventDate "2000.??.??"]

1. e4 c6 2. d4 d5 3. Nc3 dxe4 4. Nxe4 Nd7 5. Ng5 Ngf6 6. Bd3 e6 7. N1f3 Bd6 8.
Qe2 h6 9. Ne4 Nxe4 10. Qxe4 Qc7 11. Qg4 Kf8 12. Qh4 c5 13. Bg5 c4 14. Bd8 Qc6
15. Be2 Ke8 16. O-O Nf8 17. Ne5 Bxe5 18. Qe7# 1-0

[Event "ICS rated blitz match"]
[Site "204.178.125.65"]
[Date "2000.04.21"]
[Round "?"]
[White "ColonialPast"]
[Black "Hossa"]
[Result "0-1"]
[WhiteElo "2081"]
[BlackElo "2480"]
[PlyCount "66"]
[EventDate "2000.??.??"]

1. e4 e5 2. Nf3 Nc6 3. Bb5 a6 4. Ba4 Nf6 5. O-O Be7 6. Bxc6 dxc6 7. d3 Nd7 8.
Nbd2 O-O 9. Nc4 f6 10. Nh4 Nc5 11. Qf3 Ne6 12. Nf5 Nd4 13. Nxd4 Qxd4 14. Ne3
Be6 15. Nf5 Qd7 16. b3 Bxf5 17. Qxf5 Qxf5 18. exf5 a5 19. a4 Bb4 20. Be3 Rfd8
21. Rad1 Rd5 22. f4 Re8 23. g4 exf4 24. Bxf4 Re2 25. c4 Rd4 26. h3 Rb2 27. Bxc7
Rxb3 28. Bb6 Rdxd3 29. Rxd3 Rxd3 30. Kg2 Rc3 31. Rd1 Rxc4 32. Rd8+ Bf8 33. Rd7
Rxa4 0-1

[Event "ICS Rated blitz match"]
[Site "204.178.125.65"]
[Date "2000.04.21"]
[Round "?"]
[White "Hossa"]
[Black "ColonialPast"]
[Result "1-0"]
[WhiteElo "2483"]
[BlackElo "2078"]
[PlyCount "58"]
[EventDate "2000.??.??"]

1. e4 c6 2. d4 d5 3. e5 Bf5 4. Nc3 h5 5. Bg5 Qc7 6. Bd3 Bxd3 7. cxd3 f6 8. Bf4
e6 9. Nh3 f5 10. Ng5 Qe7 11. Nf3 g6 12. Bg5 Qf7 13. O-O Nd7 14. Rc1 Bg7 15. Qc2
Nf8 16. g3 Nh7 17. Be3 Bh6 18. Qd2 Bxe3 19. fxe3 g5 20. e4 Qg6 21. exd5 exd5
22. Qg2 Ne7 23. b3 O-O 24. Ne2 Kg7 25. h4 g4 26. Nd2 Qh6 27. Nf4 Ng6 28. Ne6+
Kf7 29. Nxf8 Nhxf8 1-0

[Event "ICS rated blitz match"]
[Site "204.178.125.65"]
[Date "2000.04.21"]
[Round "?"]
[White "ColonialPast"]
[Black "Hossa"]
[Result "0-1"]
[WhiteElo "2075"]
[BlackElo "2486"]
[PlyCount "51"]
[EventDate "2000.??.??"]

1. e4 d5 2. exd5 Nf6 3. c4 c6 4. d4 cxd5 5. cxd5 Nxd5 6. Nc3 e6 7. Qb3 Bb4 8.
Nf3 O-O 9. Be2 Nc6 10. O-O Nb6 11. a3 Ba5 12. Be3 Bd7 13. Rfd1 Ne7 14. Ne5 Rc8
15. Nxd7 Qxd7 16. Rac1 Nf5 17. Qb5 Qxb5 18. Nxb5 Nxe3 19. fxe3 Rxc1 20. Rxc1
Bd2 21. Rc7 Bxe3+ 22. Kf1 Rb8 23. Bh5 g6 24. Bf3 a6 25. Nd6 Bf4 26. Rxb7 0-1

[Event "ICS rated bullet match"]
[Site "204.178.125.65"]
[Date "2000.04.21"]
[Round "?"]
[White "PostModernist"]
[Black "Hossa"]
[Result "1-0"]
[WhiteElo "2424"]
[BlackElo "2304"]
[PlyCount "131"]
[EventDate "2000.??.??"]

1. d4 d5 2. Nf3 Nf6 3. e3 e6 4. Bd3 c5 5. b3 Nc6 6. O-O Nb4 7. Bb5+ Bd7 8.
Bxd7+ Nxd7 9. Bb2 Rc8 10. a3 Nc6 11. Nbd2 cxd4 12. Nxd4 Nxd4 13. Bxd4 e5 14.
Bb2 Rc5 15. c4 dxc4 16. Nxc4 b5 17. Na5 Qc7 18. b4 Rc2 19. Ra2 Bd6 20. Qd3 a6
21. Rd1 Nb6 22. Qxd6 Qxd6 23. Rxd6 Na4 24. Rc6 Rd2 25. f4 O-O 26. fxe5 Nxb2 27.
Rxa6 Rd1+ 28. Kf2 Rb1 29. Kg3 Nd1 30. Re2 Nc3 31. Rc2 Na4 32. Rd6 Re8 33. Rd5
Ra1 34. Rxb5 Rxa3 35. Nc4 Rb3 36. Nd6 Rxe3+ 37. Kf2 Rc3 38. Ra2 Rd8 39. Rxa4
Rc2+ 40. Kf3 f6 41. e6 Rc3+ 42. Kf4 g5+ 43. Kf5 Rxd6 44. Ra8+ Kg7 45. e7 Re3
46. e8=N+ Rxe8 47. Rxe8 Rd2 48. Rb7+ Kh6 49. Re3 g4 50. Ree7 Rf2+ 51. Ke4 Re2+
52. Kf4 Rxe7 53. Rxe7 Kg6 54. Kxg4 f5+ 55. Kf4 h5 56. Re6+ Kg7 57. Kxf5 h4 58.
Rg6+ Kf7 59. b5 Ke8 60. Re6+ Kd7 61. b6 h3 62. b7 hxg2 63. b8=Q g1=Q 64. Rd6+
Ke7 65. Qd8+ Kf7 66. Rd7# {Hossa checkmated} 1-0

[Event "ICS rated standard match"]
[Site "204.178.125.65"]
[Date "2000.04.21"]
[Round "?"]
[White "Hossa"]
[Black "QueenMaxima"]
[Result "0-1"]
[WhiteElo "2347"]
[BlackElo "2361"]
[PlyCount "104"]
[EventDate "2000.??.??"]

1. e4 c5 2. Nf3 Nc6 3. d4 cxd4 4. Nxd4 Nf6 5. Nc3 d6 6. Bg5 e6 7. Qd2 a6 8.
O-O-O h6 9. Be3 Be7 10. f4 Nxd4 11. Bxd4 b5 12. Qe3 Bb7 13. Bxf6 gxf6 14. Bd3
Qa5 15. Kb1 d5 16. exd5 b4 17. Ne4 Bxd5 18. b3 f5 19. Ng3 Bxg2 20. Rhe1 Bh3 21.
Nh5 Bg4 22. Be2 Bxe2 23. Rxe2 Rd8 24. Rxd8+ Qxd8 25. Rd2 Qc7 26. Qf3 Bd6 27.
Qa8+ Qb8 28. Qxa6 Ke7 29. Qd3 Rg8 30. Qd4 Rg6 31. Rd3 Qc7 32. Rd1 Qc5 33. Qh8
Qc3 34. Qxc3 bxc3 35. h3 Ba3 36. Re1 Rg2 37. Rh1 f6 38. Rd1 e5 39. fxe5 fxe5
40. h4 Rg4 41. Rf1 Kf7 42. Rxf5+ Kg6 43. Ng3 Rxg3 44. Rf1 e4 45. Rd1 Rf3 46.
Rd6+ Kf5 47. Rd5+ Kf4 48. Rd1 e3 49. Rd4+ Ke5 50. Rd1 e2 51. Re1 Rf1 52. Rxf1
exf1=Q# {Hossa checkmated} 0-1